<?xml version="1.0" encoding="UTF-8"?><?xml-stylesheet type="text/xsl" href="static/style.xsl"?><OAI-PMH xmlns="http://www.openarchives.org/OAI/2.0/" xmlns:xsi="http://www.w3.org/2001/XMLSchema-instance" xsi:schemaLocation="http://www.openarchives.org/OAI/2.0/ http://www.openarchives.org/OAI/2.0/OAI-PMH.xsd"><responseDate>2026-06-29T01:34:09Z</responseDate><request verb="GetRecord" identifier="oai:docta.ucm.es:20.500.14352/72820" metadataPrefix="marc">https://docta.ucm.es/rest/oai/request</request><GetRecord><record><header><identifier>oai:docta.ucm.es:20.500.14352/72820</identifier><datestamp>2023-08-27T15:20:28Z</datestamp><setSpec>com_20.500.14352_14</setSpec><setSpec>col_20.500.14352_15</setSpec></header><metadata><record xmlns="http://www.loc.gov/MARC21/slim" xmlns:dcterms="http://purl.org/dc/terms/" xmlns:xsi="http://www.w3.org/2001/XMLSchema-instance" xmlns:doc="http://www.lyncode.com/xoai" xsi:schemaLocation="http://www.loc.gov/MARC21/slim http://www.loc.gov/standards/marcxml/schema/MARC21slim.xsd">
   <leader>00925njm 22002777a 4500</leader>
   <datafield ind2=" " ind1=" " tag="042">
      <subfield code="a">dc</subfield>
   </datafield>
   <datafield ind2=" " ind1=" " tag="720">
      <subfield code="a">Omranpour Shahreza, Babak</subfield>
      <subfield code="e">author</subfield>
   </datafield>
   <datafield ind2=" " ind1=" " tag="720">
      <subfield code="a">Huot, Jacques</subfield>
      <subfield code="e">author</subfield>
   </datafield>
   <datafield ind2=" " ind1=" " tag="720">
      <subfield code="a">Antonov, Maksim</subfield>
      <subfield code="e">author</subfield>
   </datafield>
   <datafield ind2=" " ind1=" " tag="720">
      <subfield code="a">Kommel, Lembit</subfield>
      <subfield code="e">author</subfield>
   </datafield>
   <datafield ind2=" " ind1=" " tag="720">
      <subfield code="a">Sergejev, Fjodor</subfield>
      <subfield code="e">author</subfield>
   </datafield>
   <datafield ind2=" " ind1=" " tag="720">
      <subfield code="a">Pérez Trujillo, Francisco Javier</subfield>
      <subfield code="e">author</subfield>
   </datafield>
   <datafield ind2=" " ind1=" " tag="720">
      <subfield code="a">Heczel, Anita</subfield>
      <subfield code="e">author</subfield>
   </datafield>
   <datafield ind2=" " ind1=" " tag="720">
      <subfield code="a">Gubicza, Jenő</subfield>
      <subfield code="e">author</subfield>
   </datafield>
   <datafield ind2=" " ind1=" " tag="260">
      <subfield code="c">2022-12-09</subfield>
   </datafield>
   <datafield ind2=" " ind1=" " tag="520">
      <subfield code="a">This article studies the evolution of microstructure and the wear resistance in tantalum processed by a newly developed Severe Plastic Deformation (SPD) technique called Indirect Extrusion Angular Pressing (IEAP). The microstructure and tribological behavior of nanostructured tantalum processed by IEAP were analyzed in this work. The samples were extruded for two, five, and twelve passes of IEAP and then exposed to ball-on-disk wear testing in dry sliding conditions. It was shown that after twelve IEAP passes, an extensive grain refinement down to 500 nm was achieved, hardness increased, and a high dislocation density formed in the material. 

The wear resistance of the material improved successively after each pass of IEAP, and the wear rate decreased, although the friction coefficient did not change. Evaluation of the morphology of the wear tracks showed that the dominant wear mechanisms were comprised of galling, adhesive wear, pitting and microplowing. Refinement of the microstructure by IEAP led to a reduction in adhesive wear and pitting while a slight increase in oxidation appeared. Comparison of the results of wear testing between tantalum against steel balls and tantalum against alumina balls showed that the presence of alumina generated a larger portion of adhesive wear, making the wear mechanism more complicated while the tantalum-steel pair presented milder wear.</subfield>
   </datafield>
   <datafield ind1="8" ind2=" " tag="024">
      <subfield code="a">0263-4368</subfield>
   </datafield>
   <datafield ind1="8" ind2=" " tag="024">
      <subfield code="a">10.1016/j.ijrmhm.2022.106079</subfield>
   </datafield>
   <datafield ind1="8" ind2=" " tag="024">
      <subfield code="a">https://hdl.handle.net/20.500.14352/72820</subfield>
   </datafield>
   <datafield ind1="8" ind2=" " tag="024">
      <subfield code="a">https://doi.org/10.1016/j.ijrmhm.2022.106079</subfield>
   </datafield>
   <datafield ind2="0" ind1="0" tag="245">
      <subfield code="a">The effect of microstructure evolution on the wear behavior of tantalum processed by Indirect Extrusion Angular Pressing</subfield>
   </datafield>
</record></metadata></record></GetRecord></OAI-PMH>